|
|
|
|
| LEADER |
01313nam a22002537a 4500 |
| 001 |
31292 |
| 003 |
BD-DhAAL |
| 005 |
20180207121810.0 |
| 008 |
180207t2009 bg a|||| |||| 00| 0 ben d |
| 999 |
|
|
|c 39098
|d 39098
|
| 040 |
|
|
|a BD-DhAAL
|
| 041 |
|
|
|a BEN
|a ENG
|
| 082 |
|
|
|a 616.246
|2 22
|
| 245 |
|
|
|a নির্বাচিত প্রকাশনা সংকলন :
|b সংবাদপত্রে যক্ষ্মানিয়ন্ত্রণ কর্মসূচি /
|c এডভোকেসি অ্যান্ড হিউম্যান রাইট্স ইউনিট
|
| 260 |
|
|
|a ঢাকা :
|b এডভোকেসি অ্যান্ড হিউম্যান রাইট্স ইউনিট,
|c ২০০৯
|
| 300 |
|
|
|a ৫০০ পৃষ্ঠা :
|b চিত্র ;
|c ২৫ সে. মি.
|
| 526 |
|
|
|a AAL
|
| 541 |
|
|
|e 31292
|
| 650 |
|
|
|a Tuberculosis
|9 24935
|
| 650 |
|
|
|a Tuberculosis
|x Prevention & control
|9 24936
|
| 710 |
|
|
|a এডভোকেসি অ্যান্ড হিউম্যান রাইট্স ইউনিট
|9 24934
|
| 852 |
|
|
|a Ayesha Abed Library
|c General Stacks
|
| 942 |
|
|
|2 ddc
|c BK
|
| 952 |
|
|
|0 0
|1 0
|2 ddc
|4 0
|6 616_246000000000000_NIR
|7 0
|9 62701
|a BRACUL
|b BRACUL
|c GEN
|d 2018-02-07
|l 0
|o 616.246 NIR
|p 3010031292
|r 2018-02-07
|t 1
|w 2018-02-07
|y BK
|